<La> Productivité Progreés Social ou Source de Chômage?

Na minha lista:
Detalhes bibliográficos
Autor principal: Gronier, Anne-Marie
Formato: Livro
Idioma:francês
Publicado em: Paris Hatier 1987
Edição:2. éd.
Tags: Adicionar Tag
Sem tags, seja o primeiro a adicionar uma tag!

MARC

LEADER 00000nam a2200000 4500
001 c021925
005 20221219132130.6
041 0 |a fre 
044 |a FR 
245 1 0 |a <La> Productivité  |b Progreés Social ou Source de Chômage?  |c Anne-Marie Gronier 
250 |a 2. éd. 
264 1 |a Paris  |b Hatier  |c 1987 
300 |a 127 s. 
100 1 |a Gronier, Anne-Marie